Livres d'Agatha Christie - Statistiques

Statistiques générales
  • Ce quiz a été pris 578 fois
  • Le résultat moyen est 21 sur 69
Statistiques - réponses
Année de parution Titre % Correct
1934 Le Crime de L'Orient-Express
88%
1937 Mort sur le Nil
83%
1939 Dix petits Nègres
78%
1926 Le Meurtre de Roger Ackroyd
66%
1935 A.B.C. contre Poirot
60%
1920 La Mystérieuse Affaire de Styles
55%
1942 Cinq petits cochons
54%
1928 Le Train Bleu
52%
1941 Les Vacances d'Hercule Poirot
49%
1923 Le Crime du Golf
48%
1936 Meurtre en Mésopotamie
47%
1938 Le Noël d'Hercule Poirot
46%
1942 Un cadavre dans la bibliothèque
37%
1924 L'Homme au complet marron
36%
1935 La Mort dans les nuages
34%
1927 Les Quatre
34%
1957 Le Train de 16h50
34%
1946 Le Vallon
34%
1936 Cartes sur table
33%
1975 Hercule Poirot quitte la scène
33%
1949 La Maison biscornue
33%
1937 Témoin muet
33%
1938 Rendez-vous avec la mort
32%
1941 N ou M ?
31%
1932 La Maison du péril
29%
1959 Le Chat et les Pigeons
29%
1963 Les Pendules
29%
1922 Mr. Brown
29%
1935 Drame en trois actes
28%
1955 Pension Vanilos
28%
1940 Un deux trois
28%
1942 La Plume empoisonnée
27%
1933 Le Couteau sur la nuque
27%
1964 Le Major parlait trop
27%
1947 Les Travaux d'Hercule
27%
1945 Meurtre au champagne
27%
1972 Une mémoire d'éléphant
27%
1950 Un meurtre sera commis le...
27%
1940 Je ne suis pas coupable
26%
1932 Miss Marple au club du mardi
26%
1934 Pourquoi pas Evans ?
26%
1958 Témoin indésirable
26%
1929 Le Crime est notre affaire
25%
1976 La Dernière Énigme
24%
1948 Le Flux et le Reflux
24%
1944 L'Heure zéro
23%
1929 Associés contre le crime
22%
1973 Le Cheval à bascule
22%
1968 Mon petit doigt m'a dit
22%
1930 L'Affaire Protheroe
21%
1966 La Troisième fille
21%
1953 Les Indiscrétions d'Hercule Poirot
21%
1932 Le club du mardi continue
20%
1929 Les Sept Cadrans
20%
1952 Mrs. McGinty est morte
20%
1956 Poirot joue le jeu
20%
1945 La mort n'est pas une fin
19%
1939 Un meurtre est-il facile
19%
1965 À l'hôtel Bertram
18%
1952 Jeux de glaces
18%
1959 Christmas Pudding
16%
1954 Destination inconnue
15%
1937 Le Miroir du mort
15%
1925 Le secret de Chimneys
15%
1924 Les Enquêtes d'Hercule Poirot
15%
1930 Le mystérieux Mr. Quinn
14%
1933 Le flambeau
12%
1931 Cing heures vingt-cinq
9%
1970 Passager pour Francfort
8%
Aucun quiz correspondant
Distribution des résultats
% des personnes avec chaque résultat
Percentile par nombre de réponses
Votre historique - résultats
Vous n’avez pas pris ce quiz